000 00928nam a2200229Ia 4500
001 15994
003 GE_BSU
008 181216s||||||||xx |||||||||||||| ||und||
040 _cGE_BSU
080 _a821.353.1-4
100 _aჯაველიძე, გენო
245 _aსისხლი სისხლის წილ...
245 _bლიტერატურული ჩანაწერი გ. სანადირაძისა
245 _cრედ. ნ.ქართველიშვილი. მხ. ო.ჯიშკარიანი
260 _aთბილისი
260 _bნაკადული
260 _c1973
300 _a95გვ. : 1ფ. პორტრ. ; 21სმ.
653 _aლიტერატურული ჩანაწერი გ. სანადირაძისა
653 _aსისხლი სისხლის წილ...
942 _cBK
999 _c49087
_d49087